[Event "Mittelfrankenliga-B2a 0708"]
[Site "Mittelfranken"]
[Date "2008.02.17"]
[Round "6.2"]
[White "Lange, Joerg"]
[Black "Kuhlmann, Christoph"]
[Result "0-1"]
[WhiteElo "1752"]
[BlackElo "2084"]
[PlyCount "82"]
[EventDate "2007.10.14"]
[EventType "team-tourn"]
[EventRounds "9"]
[EventCountry "GER"]
[SourceTitle "EXT 2011"]
[Source "ChessBase"]
[SourceDate "2010.11.26"]
[SourceVersion "1"]
[SourceVersionDate "2010.11.26"]
[SourceQuality "1"]
[WhiteTeam "Altensittenbach II"]
[BlackTeam "Lauf"]
[WhiteTeamCountry "GER"]
[BlackTeamCountry "GER"]

1. e4 g6 2. d4 Bg7 3. Nf3 d6 4. Bc4 c6 5. 0-0 e6 6. Re1 Nd7 7. Nc3 Ne7 8. Bg5 h6 9. Be3 b5 10. Bd3 a6 11. a4 b4 12. Ne2 a5 13. c3 Ba6 14. Bxa6 Rxa6 15. Qd2 Qb8 16. cxb4 axb4 17. b3 Nf6 18. Qd3 Ra5 19. h3 d5 20. e5 Nd7 21. Rac1 0-0 22. Nh2 Rc8 23. Rc2 Nf5 24. Rec1 c5 25. f4 c4 26. bxc4 b3 27. Bd2 Rxa4 28. Rb2 dxc4 29. Qc3 Nb6 30. g4 Ne7 31. Qf3 Qa8 32. Nc3 Ra1 33. Rxa1 Qxa1+ 34. Rb1 Qa8 35. Nb5 Qxf3 36. Nxf3 Ned5 37. Nd6 Ra8 38. Nxc4 Nxc4 39. Rxb3 Nxd2 40. Nxd2 Nxf4 41. Ne4 Ne2+ 0-1

[Event "Mittelfrankenliga-B2a 0708"]
[Site "Mittelfranken"]
[Date "2008.01.13"]
[Round "4.4"]
[White "Lange, Joerg"]
[Black "Thuerauf, Peter"]
[Result "0-1"]
[WhiteElo "1752"]
[BlackElo "1785"]
[PlyCount "88"]
[EventDate "2007.10.14"]
[EventType "team-tourn"]
[EventRounds "9"]
[EventCountry "GER"]
[SourceTitle "EXT 2011"]
[Source "ChessBase"]
[SourceDate "2010.11.26"]
[SourceVersion "1"]
[SourceVersionDate "2010.11.26"]
[SourceQuality "1"]
[WhiteTeam "Altensittenbach II"]
[BlackTeam "Nuernberg Sued SW III"]
[WhiteTeamCountry "GER"]
[BlackTeamCountry "GER"]

1. e4 c5 2. Nf3 Nc6 3. d4 cxd4 4. Nxd4 Nf6 5. Nc3 d6 6. Be3 Ng4 7. Bc4 Nxe3 8. fxe3 e6 9. 0-0 Be7 10. Nxc6 bxc6 11. Qh5 0-0 12. e5 g6 13. Qf3 d5 14. Bd3 Bg5 15. b3 Bh6 16. e4 Qb6+ 17. Kh1 Qd4 18. Ne2 Qxe5 19. Rae1 d4 20. Ng3 Bd7 21. h4 c5 22. Qg4 Bd2 23. Re2 Be3 24. Rf3 Rad8 25. Nf1 f5 26. exf5 exf5 27. Qg3 Qxg3 28. Rxg3 f4 29. Rg5 f3 30. gxf3 Bxg5 31. hxg5 Rxf3 32. Nd2 Re3 33. Rh2 Bc6+ 34. Kg1 Rg3+ 35. Kf2 Rxg5 36. Nc4 Rf8+ 37. Ke1 Rg1+ 38. Kd2 Bf3 39. c3 Bg2 40. cxd4 cxd4 41. Be2 Be4 42. Nd6 Bb1 43. a4 d3 44. Bd1 Rff1 0-1